000 00369nam a22001337a 4500
020 _a0-02-949730-2
082 _a621.3815324 NAT'I
100 _aNATARAJAN, SUNDARAM
_957181
245 _aTHEORY AND DESIGN OF LINEAR ACTIVE NETWORKS
260 _aNEWYORK
_bMACMILLAN
_c1987
300 _a508P
650 _aELECTRIC FILTERS ELECTRIC CIRCUTS LINEAR
_957182
942 _cBK
999 _c567475
_d567475